|
|
|
|
| LEADER |
00000nab a2200000 a 4500 |
| 001 |
vtls011132340 |
| 003 |
SK-MaSNL |
| 005 |
20260303151030.0 |
| 008 |
230222|1994 xo |||||||||||||||||slo| |
| 015 |
|
|
|a SNBRB
|
| 035 |
|
|
|a (uuid)2dfcd071-6d39-46ac-b9a6-1f27fc26e0a1
|
| 035 |
|
|
|a (urnnbn)urn:nbn:sk:snk:ar-a09mjv
|
| 035 |
|
|
|a urn:nbn:sk:snk-abaa76
|
| 040 |
|
|
|a SNKBUCL
|b slo
|c SNKBUCL
|e AACR2
|
| 041 |
0 |
|
|a slo
|
| 044 |
|
|
|a xo
|c SK
|
| 100 |
1 |
|
|a Pavlókinová, Györgyi
|4 aut
|9 12237
|
| 245 |
1 |
0 |
|a ŠTIEPENIE VIACVRSTVOVÝCH ŠTRUKTÚR
|c Györgyi Pavlókinová
|
| 773 |
0 |
|
|t Zborník Vojenskej akadémie Slovenského národného povstania
|g Roč. 1, č. 4 (1994), s. 115-120
|
| 954 |
|
|
|a odborná, vedecká literatúra pôvodná (slovenská)
|2 lita
|
| 958 |
|
|
|a OND
|
| 958 |
|
|
|a EUIPO
|
| 958 |
|
|
|a article13
|
| 999 |
|
|
|c 2015378
|d 2017308
|